| 000 | 00634nam a2200217 4500 | ||
|---|---|---|---|
| 003 | OSt | ||
| 005 | 20260601193855.0 | ||
| 008 | 260508b2005 tok||||| |||| 00| 0 eng d | ||
| 040 |
_aICI _bspa _cICI |
||
| 041 | _aeng | ||
| 050 |
_aNC1002 _bB47 2005 |
||
| 245 | 1 |
_aBest Sign Collection _bVol. 2 Community Identity, Corporate Identity |
|
| 264 |
_aGraphic-sha Publishing _b2005 |
||
| 300 |
_a272 páginas: _bilustraciones |
||
| 336 |
_atexto _2rdacontent |
||
| 337 |
_asin medio _2rdamedia |
||
| 338 |
_avolumen _2rdacarrier |
||
| 650 |
_aSeñalización _xDiseño. _932883 |
||
| 700 |
_abest sing collection _eedit |
||
| 942 |
_2lcc _cB _n1 |
||
| 999 |
_c22007 _d22007 |
||